[Event "FRA-ch U20 Girls"]
[Site "Montlucon"]
[Date "2011.04.21"]
[Round "5"]
[White "Richard, Emma"]
[Black "Jolly, Marie"]
[Result "1-0"]
[WhiteElo "2077"]
[BlackElo "1679"]
[PlyCount "73"]
[EventDate "2011.04.17"]
[EventType "swiss"]
[EventRounds "9"]
[EventCountry "FRA"]
[SourceTitle "CBM 142 Extra"]
[Source "ChessBase"]
[SourceDate "2011.06.27"]
[SourceVersion "1"]
[SourceVersionDate "2011.06.27"]
[SourceQuality "1"]

1. e4 e6 2. d3 d5 3. Qe2 d4 4. f4 Nf6 5. g3 c5 6. Bg2 Nc6 7. Nf3 b5 8. 0-0 Be7 9. a4 bxa4 10. Rxa4 Nd7 11. Nbd2 Nb6 12. Ra1 a5 13. Nc4 Nxc4 14. dxc4 Nb4 15. Rd1 Qb6 16. Ne5 0-0 17. c3 Nc6 18. Nxc6 Qxc6 19. e5 Qa6 20. Bxa8 Qxa8 21. Bd2 Bb7 22. Rf1 Qd8 23. h3 Qb6 24. Rfb1 Qc6 25. Kh2 d3 26. Qf2 Qe4 27. b3 Ra8 28. Rg1 Bd8 29. Qe3 Qf3 30. Qxf3 Bxf3 31. Rge1 Bb6 32. Kg1 Kf8 33. Kf2 Be2 34. Be3 Rb8 35. Reb1 g6 36. Ra2 Ke7 37. Rab2 1-0

[Event "FRA-ch U20 Girls"]
[Site "Montlucon"]
[Date "2011.04.17"]
[Round "1"]
[White "Jolly, Marie"]
[Black "Dubois, Emmanuelle"]
[Result "1-0"]
[WhiteElo "1679"]
[BlackElo "1786"]
[PlyCount "103"]
[EventDate "2011.04.17"]
[EventType "swiss"]
[EventRounds "9"]
[EventCountry "FRA"]
[SourceTitle "CBM 142 Extra"]
[Source "ChessBase"]
[SourceDate "2011.06.27"]
[SourceVersion "1"]
[SourceVersionDate "2011.06.27"]
[SourceQuality "1"]

1. d4 f5 2. Nf3 Nf6 3. c4 g6 4. Nc3 Bg7 5. Bf4 0-0 6. Qc2 d6 7. Rd1 c6 8. h3 Qe8 9. e3 a5 10. Be2 Na6 11. a3 Nc7 12. 0-0 h6 13. Bh2 g5 14. c5 Qd8 15. cxd6 exd6 16. Bd3 Nfe8 17. Rfe1 d5 18. Be5 Nd6 19. Bxg7 Kxg7 20. Ne5 Qf6 21. Na4 Be6 22. Nb6 Rad8 23. Qd2 Ne4 24. Qxa5 Ne8 25. Na4 h5 26. Qb4 Bc8 27. Nb6 Be6 28. Na4 Bc8 29. Nc5 Nxc5 30. Qxc5 Nd6 31. b4 Ne4 32. Qb6 g4 33. Qc7+ Kg8 34. f3 gxf3 35. Nxf3 Rd7 36. Qf4 Rg7 37. Rc1 Qg6 38. Re2 Ng3 39. Rb2 Ne4 40. b5 Qe6 41. bxc6 bxc6 42. Rb6 Qg6 43. Rc2 Bd7 44. Ne5 Qe6 45. Nxd7 Qxd7 46. Rcxc6 Qa7 47. Ra6 Qb7 48. Qh6 Qf7 49. a4 Ng5 50. Rg6 Ne4 51. Rxg7+ Qxg7 52. Rg6 1-0